[Event "CRI-chT"]
[Site "San Jose"]
[Date "2012.07.27"]
[Round "6.2"]
[White "Rodriguez, Adrian"]
[Black "Alfaro Rojas, Alfonso Jose"]
[Result "1-0"]
[WhiteElo "2151"]
[BlackElo "2264"]
[PlyCount "49"]
[EventDate "2012.07.22"]
[EventType "team-tourn"]
[EventRounds "9"]
[EventCountry "CRI"]
[SourceTitle "EXT 2013"]
[Source "ChessBase"]
[SourceDate "2012.11.22"]
[SourceVersion "1"]
[SourceVersionDate "2012.11.22"]
[SourceQuality "1"]
[WhiteTeam "Mapache"]
[BlackTeam "Colegio New Hope"]
[WhiteTeamCountry "CRI"]
[BlackTeamCountry "CRI"]

1. d4 d5 2. Nf3 c6 3. c4 Nf6 4. Qc2 e6 5. Bf4 Nbd7 6. e3 c5 7. Nbd2 cxd4 8. exd4 dxc4 9. Nxc4 Bb4+ 10. Bd2 Bxd2+ 11. Qxd2 0-0 12. Bd3 Nb6 13. Nce5 Qd6 14. 0-0 Bd7 15. Rfe1 Bc6 16. Nxc6 Qxc6 17. Qg5 Qd6 18. Qh4 Nbd5 19. Re5 g6 20. Rae1 Kg7 21. Ng5 Rfe8 22. Bc4 h6 23. Qxh6+ Kxh6 24. Nxf7+ Kg7 25. Nxd6 1-0

[Event "CRI-ch qual"]
[Site "San Jose"]
[Date "2005.06.20"]
[Round "6"]
[White "Jimenez, Alvarado Alonso"]
[Black "Rodriguez, Adrian"]
[Result "1-0"]
[WhiteElo "2066"]
[BlackElo "2113"]
[PlyCount "89"]
[EventDate "2005.06.??"]
[EventType "swiss"]
[EventRounds "9"]
[EventCountry "CRI"]
[SourceTitle "EXT 2006"]
[Source "ChessBase"]
[SourceDate "2005.11.24"]
[SourceVersion "1"]
[SourceVersionDate "2005.11.24"]
[SourceQuality "1"]

1. e4 c5 2. Nf3 e6 3. d4 cxd4 4. Nxd4 Nf6 5. Nc3 d6 6. Be3 a6 7. f3 b5 8. Qd2 Bb7 9. g4 Nc6 10. 0-0-0 Nd7 11. g5 Rb8 12. h4 Nce5 13. Kb1 Nc4 14. Bxc4 bxc4 15. Qg2 Rg8 16. g6 hxg6 17. Nxe6 Qa5 18. Nf4 Nf6 19. Nfd5 Bxd5 20. Nxd5 Nxd5 21. exd5 Be7 22. Bd4 c3 23. b3 Rc8 24. Rd3 Bf6 25. Re1+ Kd8 26. Bxf6+ gxf6 27. Qe2 Rc7 28. Qe3 Kc8 29. Qd4 Kb7 30. Qxf6 Qb4 31. Re7 Rxe7 32. Qxe7+ Kb6 33. Qxf7 Rc8 34. Qf6 Rc7 35. a4 Qc5 36. Ka2 Kb7 37. Qd4 Qxd4 38. Rxd4 Rf7 39. Rd3 Rf5 40. b4 Rf4 41. Kb3 a5 42. bxa5 Ka6 43. Rxc3 Kxa5 44. Rc6 Rxf3+ 45. c3 1-0

[Event "CRI-ch"]
[Site "San Jose"]
[Date "2004.07.18"]
[Round "13"]
[White "Rodriguez, Adrian"]
[Black "Hernandez Basante, Francisco"]
[Result "0-1"]
[WhiteElo "2178"]
[BlackElo "2244"]
[PlyCount "60"]
[EventDate "2004.07.05"]
[EventType "tourn"]
[EventRounds "13"]
[EventCountry "CRI"]
[SourceTitle "EXT 2005"]
[Source "ChessBase"]
[SourceDate "2004.11.15"]
[SourceVersion "1"]
[SourceVersionDate "2004.11.15"]
[SourceQuality "1"]

1. d4 d5 2. Nf3 Nf6 3. c4 c6 4. Bg5 Ne4 5. Nbd2 Nxg5 6. Nxg5 e5 7. Ngf3 e4 8. Ng1 e3 9. fxe3 Bd6 10. Ngf3 0-0 11. e4 dxe4 12. Nxe4 Bb4+ 13. Kf2 Re8 14. Ng3 Nd7 15. e4 Nf6 16. e5 Ng4+ 17. Ke2 f6 18. h3 fxe5 19. hxg4 e4 20. Nh2 Qh4 21. Nf5 Bxf5 22. gxf5 e3 23. g4 Qf2+ 24. Kd3 e2 25. Bxe2 Re3+ 26. Kc2 Rxe2+ 27. Kb3 Rxb2+ 28. Ka4 b5+ 29. cxb5 cxb5+ 30. Kxb5 Bd6+ 0-1

[Event "CRI-ch"]
[Site "San Jose"]
[Date "2004.07.14"]
[Round "7"]
[White "Rodriguez, Adrian"]
[Black "Valdes Romero, Leonardo"]
[Result "0-1"]
[WhiteElo "2178"]
[BlackElo "2370"]
[PlyCount "86"]
[EventDate "2004.07.05"]
[EventType "tourn"]
[EventRounds "13"]
[EventCountry "CRI"]
[SourceTitle "EXT 2005"]
[Source "ChessBase"]
[SourceDate "2004.11.15"]
[SourceVersion "1"]
[SourceVersionDate "2004.11.15"]
[SourceQuality "1"]

1. d4 Nf6 2. c4 g6 3. f3 Bg7 4. e4 d6 5. Nc3 0-0 6. Bd3 c5 7. d5 e6 8. Nge2 exd5 9. cxd5 a6 10. a4 Nbd7 11. Bf4 Qe7 12. Qd2 Ne5 13. 0-0 Nh5 14. Bg5 f6 15. Bh4 g5 16. Bf2 f5 17. exf5 Nxd3 18. Qxd3 Bxf5 19. Qd2 Bg6 20. Rfe1 Qf6 21. Be3 h6 22. Rf1 Rae8 23. g4 Nf4 24. Nxf4 gxf4 25. Bf2 h5 26. h3 hxg4 27. hxg4 Qg5 28. Kh1 Be5 29. Rg1 Re7 30. Kg2 Rfe8 31. Rh1 Rh7 32. Rxh7 Bxh7 33. Re1 Re7 34. Rh1 Qg7 35. a5 Bg6 36. Na4 Re8 37. b3 Qf6 38. Bh4 Qf7 39. Nb6 Bd4 40. Nc4 Qxd5 41. Bf6 Re6 42. Rh8+ Kf7 43. Bd8 Re3 0-1

[Event "CRI-ch"]
[Site "San Jose"]
[Date "2002.??.??"]
[Round "2"]
[White "Salas Perez, Walter"]
[Black "Rodriguez, Adrian"]
[Result "1/2-1/2"]
[WhiteElo "2073"]
[BlackElo "2187"]
[PlyCount "78"]
[EventDate "2002.06.??"]
[EventType "swiss"]
[EventRounds "11"]
[EventCountry "CRI"]
[SourceTitle "EXT 2007"]
[Source "ChessBase"]
[SourceDate "2006.11.23"]
[SourceVersion "1"]
[SourceVersionDate "2006.11.23"]
[SourceQuality "1"]

1. e4 c5 2. Nc3 e6 3. g3 Nc6 4. Bg2 d6 5. d3 g6 6. f4 Bg7 7. Nf3 Nge7 8. 0-0 d5 9. Bd2 Nd4 10. g4 h5 11. g5 h4 12. h3 Nxf3+ 13. Qxf3 d4 14. Nd1 Bd7 15. Nf2 Bc6 16. Qe2 Qd7 17. Ng4 0-0-0 18. b4 c4 19. a4 c3 20. b5 Bxe4 21. dxe4 d3 22. cxd3 cxd2 23. Ra3 Bb2 24. Rb3 Bc1 25. Qf2 Qd4 26. Qxd4 Rxd4 27. Ne5 Kb8 28. a5 Rf8 29. Bf3 f6 30. gxf6 Rxf6 31. Bg4 d1Q 32. Bxd1 Bxf4 33. Nf3 Ra4 34. a6 Ra1 35. d4 Bg3 36. Be2 Ra2 37. Bd3 Nc8 38. Ng5 Bf2+ 39. Kh1 Bxd4 1/2-1/2

[Event "CRI-ch"]
[Site "San Jose"]
[Date "2001.06.03"]
[Round "7"]
[White "Barrios, Carlos"]
[Black "Rodriguez, Adrian"]
[Result "1/2-1/2"]
[WhiteElo "2188"]
[BlackElo "2187"]
[PlyCount "79"]
[EventDate "2001.05.26"]
[EventType "swiss"]
[EventRounds "13"]
[EventCountry "CRI"]
[SourceTitle "CBM 082 Extra"]
[Source "ChessBase"]
[SourceDate "2001.07.03"]
[SourceVersion "1"]
[SourceVersionDate "2001.07.03"]
[SourceQuality "1"]

1. c4 Nf6 2. Nc3 g6 3. g3 d6 4. Bg2 Bg7 5. e4 e5 6. Nge2 0-0 7. 0-0 c6 8. d3 Nbd7 9. h3 a6 10. a4 a5 11. Be3 Nc5 12. f4 exf4 13. gxf4 Nh5 14. d4 Na6 15. f5 Kh8 16. Qd2 Nb4 17. Rf2 gxf5 18. exf5 d5 19. cxd5 cxd5 20. Raf1 Bf6 21. Nf4 Nxf4 22. Bxf4 b6 23. Be5 Rg8 24. Kh1 Ba6 25. Nb5 Bxb5 26. axb5 Bg7 27. f6 Bf8 28. Rc1 Bd6 29. Rf5 Qd7 30. Rh5 Rg6 31. Qf4 Bxe5 32. dxe5 Qe8 33. Qh4 Qg8 34. Bf3 Re8 35. Bg4 Nd3 36. Rd1 Nf4 37. Rf5 Ne6 38. Rxd5 Rc8 39. Rd1 Ng5 40. Rd3 1/2-1/2

[Event "CRI-ch"]
[Site "Costa Rica"]
[Date "1997.??.??"]
[Round "1"]
[White "Arias Santana, Mauricio"]
[Black "Rodriguez, Adrian"]
[Result "0-1"]
[WhiteElo "2090"]
[BlackElo "2105"]
[PlyCount "66"]
[EventDate "1997.??.??"]
[EventType "tourn"]
[EventRounds "19"]
[EventCountry "CRI"]
[SourceTitle "EXT 1999"]
[Source "ChessBase"]
[SourceDate "1998.11.16"]
[SourceVersion "1"]
[SourceVersionDate "1998.11.16"]
[SourceQuality "1"]

1. e4 c5 2. Nf3 e6 3. d4 cxd4 4. Nxd4 Nf6 5. Nc3 d6 6. Be3 a6 7. f4 Qc7 8. Qf3 Nbd7 9. 0-0-0 b5 10. Bd3 Bb7 11. a3 Nc5 12. Kb1 Be7 13. g4 d5 14. e5 Nfe4 15. Nce2 0-0 16. g5 g6 17. h4 Rfe8 18. h5 Bf8 19. Rh4 Bc8 20. Rdh1 Re7 21. Qh3 Rb8 22. hxg6 fxg6 23. Nc6 Qxc6 24. Rxh7 Rg7 25. Ng3 Nxd3 26. Nxe4 dxe4 27. cxd3 Qd7 28. Rh8+ Kf7 29. Rxf8+ Kxf8 30. Bc5+ Kf7 31. Qh8 Qe8 32. Qh4 Bb7 33. f5 exf5 0-1

[Event "Soto Memorial"]
[Site "San Jose"]
[Date "1997.??.??"]
[Round "2"]
[White "Arias Santana, Mauricio"]
[Black "Rodriguez, Adrian"]
[Result "1/2-1/2"]
[WhiteElo "2085"]
[BlackElo "2190"]
[PlyCount "112"]
[EventDate "1997.??.??"]
[EventType "tourn"]
[EventRounds "11"]
[EventCountry "CRI"]
[EventCategory "2"]
[SourceTitle "EXT 2001"]
[Source "ChessBase"]
[SourceDate "2000.11.22"]
[SourceVersion "1"]
[SourceVersionDate "2000.11.22"]
[SourceQuality "1"]

1. e4 c5 2. Nf3 e6 3. c3 d5 4. exd5 exd5 5. d4 Nf6 6. Bb5+ Bd7 7. Qe2+ Be7 8. dxc5 0-0 9. 0-0 Bxc5 10. Bxd7 Nbxd7 11. Nbd2 h6 12. Nb3 Bd6 13. Be3 Re8 14. Qd3 Ne5 15. Nxe5 Rxe5 16. Bf4 Rh5 17. Bxd6 Qxd6 18. Qg3 Qb6 19. Rad1 a5 20. Rd4 Re8 21. Qd3 Qc7 22. h3 Rhe5 23. Qd1 R8e6 24. Nc1 Qe7 25. Nd3 Re4 26. Nf4 Re1 27. Qd2 R6e5 28. Nxd5 Nxd5 29. Rxd5 Rxd5 30. Qxd5 Re2 31. Qb5 Re5 32. Qb6 Qd7 33. c4 a4 34. b4 axb3 35. axb3 Rg5 36. Re1 Rg6 37. Qe3 Re6 38. Qc3 Rg6 39. Qf3 Rf6 40. Qd5 Rd6 41. Re8+ Kh7 42. Qe4+ f5 43. Qe5 Rf6 44. Qe2 Qc6 45. h4 Rg6 46. g3 Qc5 47. Qe3 Qxe3 48. Rxe3 f4 49. Rf3 fxg3 50. fxg3 Rd6 51. Kf2 Kg6 52. Ke3 Rd1 53. Ke2 Rd6 54. Ke3 Rd1 55. Ke4 Rd2 56. c5 Kh5 1/2-1/2

[Event "CRI-ch"]
[Site "Costa Rica"]
[Date "1997.??.??"]
[Round "7"]
[White "Bermudez Vives, Sergio"]
[Black "Rodriguez, Adrian"]
[Result "1/2-1/2"]
[WhiteElo "2100"]
[BlackElo "2105"]
[PlyCount "41"]
[EventDate "1997.??.??"]
[EventType "tourn"]
[EventRounds "19"]
[EventCountry "CRI"]
[SourceTitle "EXT 1999"]
[Source "ChessBase"]
[SourceDate "1998.11.16"]
[SourceVersion "1"]
[SourceVersionDate "1998.11.16"]
[SourceQuality "1"]

1. e4 c5 2. Nf3 Nc6 3. d4 cxd4 4. Nxd4 Nf6 5. Nc3 d6 6. Be2 e6 7. 0-0 Be7 8. Be3 Bd7 9. f4 Nxd4 10. Bxd4 Bc6 11. Bf3 0-0 12. Qe2 Qd7 13. Rad1 b5 14. e5 Bxf3 15. Rxf3 Ne8 16. Rh3 dxe5 17. Bxe5 Qc8 18. Qe4 h6 19. Rdd3 f5 20. Qe2 b4 21. Nd1 1/2-1/2

[Event "Soto Memorial"]
[Site "San Jose"]
[Date "1997.??.??"]
[Round "7"]
[White "Davila, Carlos"]
[Black "Rodriguez, Adrian"]
[Result "1-0"]
[WhiteElo "2350"]
[BlackElo "2190"]
[PlyCount "117"]
[EventDate "1997.??.??"]
[EventType "tourn"]
[EventRounds "11"]
[EventCountry "CRI"]
[EventCategory "2"]
[SourceTitle "EXT 2001"]
[Source "ChessBase"]
[SourceDate "2000.11.22"]
[SourceVersion "1"]
[SourceVersionDate "2000.11.22"]
[SourceQuality "1"]

1. d4 Nf6 2. c4 g6 3. Nc3 Bg7 4. e4 d6 5. Be2 0-0 6. Bg5 c6 7. Nf3 Nbd7 8. Qd2 e5 9. Rd1 Qb6 10. 0-0 Re8 11. d5 cxd5 12. cxd5 Nc5 13. Qc2 Bd7 14. Nd2 Rec8 15. Qb1 a5 16. Rc1 Ne8 17. Nc4 Qa7 18. b4 axb4 19. Qxb4 b5 20. Nd2 Qa5 21. Qxa5 Rxa5 22. Nb3 Nxb3 23. axb3 Rb8 24. b4 Ra3 25. Bd2 Rb3 26. Rb1 Rxb1 27. Rxb1 Nc7 28. Ra1 Rb7 29. Be3 f5 30. f3 fxe4 31. fxe4 Bf6 32. Kf2 Kf7 33. Ke1 Ke7 34. Kd2 Kd8 35. Kc2 Kc8 36. g4 Be7 37. g5 Kb8 38. h4 Be8 39. Bg4 Bf7 40. Kb3 Be8 41. Rf1 Na8 42. Be6 Nb6 43. Bxb6 Rxb6 44. Bf7 Bd7 45. Bg8 Be8 46. Bxh7 Rb7 47. h5 Bxg5 48. Rf8 Rxh7 49. Rxe8+ Kc7 50. hxg6 Rg7 51. Nxb5+ Kd7 52. Re6 Be7 53. Na7 Kc7 54. Nc6 Bg5 55. b5 Rd7 56. Re7 Rxe7 57. Nxe7 Bf6 58. Nf5 Kb6 59. Nxd6 1-0

[Event "CRI-ch"]
[Site "Costa Rica"]
[Date "1997.??.??"]
[Round "12"]
[White "Rodriguez, Adrian"]
[Black "Hernandez, Francisco"]
[Result "1-0"]
[WhiteElo "2105"]
[BlackElo "2205"]
[PlyCount "81"]
[EventDate "1997.??.??"]
[EventType "tourn"]
[EventRounds "19"]
[EventCountry "CRI"]
[SourceTitle "EXT 1999"]
[Source "ChessBase"]
[SourceDate "1998.11.16"]
[SourceVersion "1"]
[SourceVersionDate "1998.11.16"]
[SourceQuality "1"]

1. d4 g6 2. e4 Bg7 3. c4 Nc6 4. Nf3 e5 5. d5 Nd4 6. Nxd4 exd4 7. Bd3 c5 8. 0-0 d6 9. f4 Ne7 10. Qe1 Qc7 11. Nd2 0-0 12. f5 f6 13. Qh4 g5 14. Qf2 Bd7 15. h4 h6 16. Be2 Be8 17. Qg3 Nc8 18. a4 Nb6 19. a5 Nd7 20. Ra3 Ne5 21. Nf3 Qd8 22. Nxe5 dxe5 23. Bd2 Rf7 24. Bh5 Rc7 25. Bxe8 Qxe8 26. hxg5 hxg5 27. Rff3 Bf8 28. Qg4 Rh7 29. Rh3 Qe7 30. Raf3 b6 31. Rxh7 Qxh7 32. Rh3 Qg7 33. Rh5 Be7 34. Qh3 Rb8 35. Rh6 bxa5 36. Rg6 Rxb2 37. Rxg7+ Kxg7 38. Bxa5 Rb1+ 39. Kh2 Rb8 40. Qa3 Bd6 41. Qa4 1-0

[Event "Soto Memorial"]
[Site "San Jose"]
[Date "1997.??.??"]
[Round "4"]
[White "Rodriguez, Adrian"]
[Black "Minero Pineda, Sergio"]
[Result "0-1"]
[WhiteElo "2190"]
[BlackElo "2400"]
[PlyCount "136"]
[EventDate "1997.??.??"]
[EventType "tourn"]
[EventRounds "11"]
[EventCountry "CRI"]
[EventCategory "2"]
[SourceTitle "EXT 2001"]
[Source "ChessBase"]
[SourceDate "2000.11.22"]
[SourceVersion "1"]
[SourceVersionDate "2000.11.22"]
[SourceQuality "1"]

1. d4 Nf6 2. c4 g6 3. Nc3 Bg7 4. e4 d6 5. f3 0-0 6. Be3 Nbd7 7. Nh3 c6 8. Qd2 e5 9. d5 cxd5 10. cxd5 a6 11. Nf2 Nh5 12. Nd3 f5 13. 0-0-0 Nb6 14. Nb4 Bd7 15. Kb1 Rc8 16. Rc1 Nc4 17. Bxc4 Rxc4 18. Ne2 Rxc1+ 19. Rxc1 fxe4 20. fxe4 Qh4 21. Nc3 Qxh2 22. Nd3 Nf4 23. Ne1 Qg3 24. a4 Qg4 25. b3 Rf7 26. Kb2 Bf6 27. Rc2 Bh4 28. Nf3 Nxg2 29. Nxe5 dxe5 30. Qxg2 Qxg2 31. Rxg2 Be7 32. Kc2 Kg7 33. Kd3 h5 34. Nd1 Bg4 35. Nf2 Bd7 36. Ke2 Rf8 37. Nd3 Bd6 38. Rg5 Bg4+ 39. Kd2 Kf6 40. Nf2 Bd7 41. Rg1 Rc8 42. Nd3 b5 43. Rf1+ Kg7 44. Bg5 bxa4 45. Bf6+ Kh6 46. Bxe5 Bxe5 47. Nxe5 Bb5 48. Rg1 axb3 49. Rxg6+ Kh7 50. Rg1 Rc2+ 51. Ke3 b2 52. Rb1 a5 53. Nd3 Rc3 54. Rxb2 Rxd3+ 55. Kf4 Be8 56. Ke5 h4 57. Ke6 Kg6 58. Ke7 Ba4 59. Ra2 Rd4 60. Re2 h3 61. d6 Bb5 62. Re1 h2 63. e5 Bc6 64. e6 h1Q 65. Rxh1 Bxh1 66. d7 Kf5 67. d8Q Rxd8 68. Kxd8 Kxe6 0-1

[Event "CRI-ch"]
[Site "Costa Rica"]
[Date "1997.??.??"]
[Round "2"]
[White "Rodriguez, Adrian"]
[Black "Murillo Tsijli, Alexis"]
[Result "1-0"]
[WhiteElo "2105"]
[BlackElo "2250"]
[PlyCount "85"]
[EventDate "1997.??.??"]
[EventType "tourn"]
[EventRounds "19"]
[EventCountry "CRI"]
[SourceTitle "EXT 1999"]
[Source "ChessBase"]
[SourceDate "1998.11.16"]
[SourceVersion "1"]
[SourceVersionDate "1998.11.16"]
[SourceQuality "1"]

1. d4 d5 2. c4 e6 3. Nc3 Nf6 4. Nf3 c6 5. cxd5 exd5 6. Bf4 Be7 7. e3 Nbd7 8. Bd3 Nf8 9. h3 Ne6 10. Be5 g6 11. Qc2 Ng7 12. g4 0-0 13. Nh2 Nd7 14. Bxg7 Kxg7 15. 0-0-0 b5 16. f4 Nb6 17. Qf2 b4 18. Ne2 Nc4 19. Nf3 Qa5 20. Kb1 Ba6 21. Nc1 Bb5 22. Nb3 Qc7 23. g5 a5 24. f5 f6 25. gxf6+ Rxf6 26. Ng5 a4 27. Nc1 Raf8 28. Qg1 Qa5 29. Bxc4 dxc4 30. Ne6+ Rxe6 31. fxe6 b3 32. Qh2 c5 33. Qe5+ Kg8 34. Rdf1 Qd2 35. Rxf8+ Bxf8 36. e7 c3 37. Qh8+ Kf7 38. Qxf8+ Ke6 39. e8Q+ Bxe8 40. Qxe8+ Kd6 41. Qe5+ Kd7 42. Qd5+ Ke8 43. Qe4+ 1-0

[Event "CRI-ch"]
[Site "Costa Rica"]
[Date "1996.??.??"]
[Round "?"]
[White "Rodriguez, Adrian"]
[Black "Arias Formoso, Rodolfo"]
[Result "1/2-1/2"]
[WhiteElo "2190"]
[BlackElo "2180"]
[PlyCount "122"]
[EventDate "1996.??.??"]
[EventType "tourn"]
[EventRounds "17"]
[EventCountry "CRI"]
[SourceTitle "EXT 2001"]
[Source "ChessBase"]
[SourceDate "2000.11.22"]
[SourceVersion "1"]
[SourceVersionDate "2000.11.22"]
[SourceQuality "1"]

1. d4 d5 2. c4 Nc6 3. Nf3 Bg4 4. e3 e6 5. cxd5 Bb4+ 6. Bd2 Bxd2+ 7. Nbxd2 Qxd5 8. Bc4 Qa5 9. 0-0 Bxf3 10. Nxf3 Nf6 11. a3 0-0 12. Qb3 Qh5 13. Qxb7 Na5 14. Qa6 Rab8 15. b4 Nxc4 16. Qxc4 a5 17. Ne5 axb4 18. axb4 Ng4 19. Nxg4 Qxg4 20. Ra5 h6 21. Rc5 Rfc8 22. Rb5 Qe4 23. Re5 Qa8 24. f4 g6 25. h4 h5 26. g4 hxg4 27. h5 Kg7 28. hxg6 Rh8 29. d5 Qa3 30. gxf7 Qb2 31. Rg5+ Kf6 32. Qd4+ Qxd4 33. exd4 exd5 34. Rxd5 Kxf7 35. b5 Rhd8 36. Rf5+ Ke6 37. Re5+ Kf6 38. Rd1 Rb6 39. Kg2 Rdb8 40. Kg3 Rxb5 41. Kxg4 Rb3 42. Rf5+ Kg6 43. Rc5 Rc8 44. f5+ Kf6 45. Rc6+ Ke7 46. Rdc1 Rb4 47. Rxc7+ Rxc7 48. Rxc7+ Kd8 49. Ra7 Rxd4+ 50. Kg5 Ke8 51. Kf6 Rf4 52. Ra8+ Kd7 53. Rg8 Rf1 54. Ra8 Rf4 55. Rh8 Rf1 56. Rh5 Ke8 57. Rh8+ Kd7 58. Rg8 Rf2 59. Rg5 Ke8 60. Rh5 Rf1 61. Rh8+ Kd7 1/2-1/2